C / (Record no. 29344)

MARC details
000 -LEADER
campo de control de longitud fija 00608nam a2200205 i 4500
001 - NÚMERO DE CONTROL
campo de control 29344
003 - IDENTIFICADOR DE NÚMERO DE CONTROL
campo de control ES-MaACL
005 - FECHA Y HORA DE LA ÚLTIMA TRANSACCIÓN
campo de control 20240322170302.0
007 - CAMPO FIJO DE DESCRIPCIÓN FÍSICA--INFORMACIÓN GENERAL
campo de control de longitud fija t|
008 - DATOS DE LONGITUD FIJA--INFORMACIÓN GENERAL
campo de control de longitud fija 030121s1959 sp ||||1| spa d
100 1# - ENTRADA PRINCIPAL--NOMBRE DE PERSONA
Nombre de persona Baring, Maurice.
9 (RLIN) 25656
245 10 - MENCIÓN DEL TÍTULO
Título C /
Mención de responsabilidad, etc. Maurice Baring ; [Traducción de Enrique de Juan].
260 ## - PUBLICACIÓN, DISTRIBUCIÓN, ETC.
Lugar de publicación, distribución, etc. Barcelona :
Nombre del editor, distribuidor, etc. José Janés,
Fecha de publicación, distribución, etc. [1959] (
Fabricante Tip. Miguza)
300 ## - DESCRIPCIÓN FÍSICA
Extensión 418 p. ;
Dimensiones 18 cm.
490 1# - MENCIÓN DE SERIE
Mención de serie club de los lectores
700 1# - ENTRADA AGREGADA--NOMBRE PERSONAL
Nombre de persona Juan, Enrique de.
9 (RLIN) 67090
830 0# - PUNTO DE ACCESO ADICIONAL DE SERIE-TÍTULO UNIFORME
Título uniforme Club de los lectores
9 (RLIN) 181243
852 ## - LOCALIZACIÓN
Ubicación ES-MaACL
Número de control de estantería C-16837
Sublocalización o colección R.44266
Holdings
Estatus retirado Estado de pérdida Estado de daño No para préstamo Biblioteca de origen Biblioteca actual Ubicación en estantería Fecha de adquisición Fuente de adquisición Total de préstamos Signatura topográfica completa Código de barras Visto por última vez Precio de reemplazo Tipo de ítem Koha
        Biblioteca del Ateneo de Madrid Biblioteca del Ateneo de Madrid Galería 17/01/2008     C-16837 1030292 23/02/2023 23/02/2023 Libro impreso